Materials science of thin films (Record no. 352)

000 -LEADER
fixed length control field 00566nam a22002174a 4500
001 - CONTROL NUMBER
control field 352
003 - CONTROL NUMBER IDENTIFIER
control field BD-DhUET
008 - FIXED-LENGTH DATA ELEMENTS--GENERAL INFORMATION
fixed length control field 010328s2002 caua b 001 0 eng
020 ## - INTERNATIONAL STANDARD BOOK NUMBER
International Standard Book Number 9780125249850
020 ## - INTERNATIONAL STANDARD BOOK NUMBER
International Standard Book Number 9789381269534
040 ## - CATALOGING SOURCE
Original cataloging agency DLC
Transcribing agency 0
Modifying agency BD-DhUET
082 00 - DEWEY DECIMAL CLASSIFICATION NUMBER
Classification number 623.8152
Item number OHR/2002
100 ## - MAIN ENTRY--PERSONAL NAME
Personal name Ohring, Milton
245 10 - TITLE STATEMENT
Title Materials science of thin films
Remainder of title deposition and structure
250 ## - EDITION STATEMENT
Edition statement 2nd ed.
260 ## - PUBLICATION, DISTRIBUTION, ETC. (IMPRINT)
Place of publication, distribution, etc. New Delhi
Name of publisher, distributor, etc. Academic Press
Date of publication, distribution, etc. 2002
300 ## - PHYSICAL DESCRIPTION
Extent xxi, 794 p.
Other physical details
504 ## - BIBLIOGRAPHY, ETC. NOTE
Bibliography, etc Includes bibliographies
650 #0 - SUBJECT ADDED ENTRY--TOPICAL TERM
Topical term or geographic name as entry element Thin films
942 ## - ADDED ENTRY ELEMENTS (KOHA)
Koha item type General Book
Holdings
Lost status Koha issues (times borrowed) Koha out on loan Price effective from Copy number Sublocation or collection (holding branch) Damaged status Withdrawn status Koha item type Koha full call number Koha date last seen Source of classification or shelving scheme Location (home branch) Piece designation (barcode) Koha date last borrowed Koha normalized classification for sorting Date acquired Not for loan Shelving location
   2014-07-201Central Library, BUET  General Book623.8152/OHR/20022014-07-20 Central Library, BUET111604 623_000000000000000_8152OHR2002014-07-20 Circulation section
 1 2016-10-022Central Library, BUET  General Book623.8152/OHR/20022024-06-12 Central Library, BUET1147342023-11-08623_815200000000000_OHR_20022016-06-18 Circulation section
 12025-01-122016-10-023Central Library, BUET  General Book623.8152/OHR/20022024-01-13 Central Library, BUET1147352024-01-13623_815200000000000_OHR_20022016-06-18 Circulation section
   2018-09-224Central Library, BUET  General Book623.8152/OHR/20022018-09-22 Central Library, BUET116652 623_815200000000000_OHR_20022018-06-27 Reading section